000 00528nam a22001937a 4500
005 20211210143438.0
008 211210b xxu||||| |||| 00| 0 eng d
020 _a9789380459042
_cRs.395.00
040 _aLoreto Collega
041 _aHindi
082 _a491.43
_bPAN
100 _aPandey, Prithvinath
245 _aShudh hindi kaise bolen, kaise likhen
_cPrithvinath Pandey
260 _aNew Delhi
_bBhartiya pustak parishad
_c2018
300 _a191p.
_b24cm.
650 _aHindi Grammar
850 _aLCLIB
942 _cBK
999 _c42830
_d93309